[Event "Moscow Youth U19 2019"]
[Site "Moscow"]
[Date "2019.11.26"]
[Round "9.3"]
[White "Gurvich, Vitaly"]
[Black "Yeritsyan, Aram"]
[Result "0-1"]
[WhiteElo "2265"]
[BlackElo "2276"]
[Annotator "TA"]
[PlyCount "86"]
[EventDate "2019.11.18"]
[EventType "swiss"]
[EventCountry "RUS"]
[SourceTitle "playchess.com"]
[Source "ChessBase"]
[SourceQuality "1"]

{[%evp 15,91,18,22,20,19,17,20,14,22,20,27,10,16,15,26,-8,42,39,35,36,33,43,46,31,54,47,40,19,50,13,15,13,20,19,25,-116,12,12,13,12,13,13,13,-473,13,3,21,10,22,4,9,9,10,0,0,-81,-2,-20,-12,-808,0,0,0,0,0,0,0,-29986,0,0,0,0,3040,-502,0,0,122,-400]} 1. c4 c6 2. Nf3 d5 3. e3 Nf6 4. b3 Bg4 5. Bb2 Nbd7 6. Be2 e6 7. h3 Bxf3 8. Bxf3 Bd6 9. Nc3 {A12: English Opening: 1...c6 with b3 by White} O-O 10. O-O Qe7 11. Rb1 {The position is equal.} a6 $146 ({Predecessor:} 11... Rad8 12. Qc2 Rfe8 13. d4 h6 14. Rfd1 a6 15. Qe2 Qf8 16. g3 Ba3 {1-0 (43) Karpov,A (2693)-Real de Azua,E (2320) Buenos Aires 2003}) 12. d4 Ba3 13. Ba1 Bb4 14. Qc2 Rac8 15. e4 (15. a4 {is interesting.} a5 16. Bb2 Rfe8 17. Rbc1 g6 18. Rfd1) 15... Bxc3 (15... e5 $5 {[%cal Re5d4]} 16. exd5 exd4 $11) 16. Bxc3 dxe4 17. Bxe4 Nxe4 18. Qxe4 b5 19. Rfe1 Nf6 20. Qe2 Rfd8 21. Red1 h6 22. Ba5 Rd7 23. Rbc1 Rb7 24. Qe1 bxc4 25. Rc2 (25. Rxc4 $11 Qd7 26. Rdc1) 25... c3 (25... cxb3 $17 26. axb3 Nd5) 26. Rxc3 Nd5 27. Rc4 Qd7 28. Rdc1 Rb5 29. Qe4 $2 {[%mdl 8192] [#]} (29. Ra4 $11 {and White is okay.}) 29... Ne7 $2 (29... Rxa5 $19 30. R1c2 Ne7) 30. Bd2 Nd5 31. Be3 Qb7 32. Rc5 Ne7 33. Bd2 Rd8 34. b4 Nd5 35. Bc3 (35. Qg4 $11) 35... Rd7 ({Better is} 35... Nxc3 $17 36. R1xc3 Rxb4 37. Qxc6 Qb8) 36. a3 Rxc5 37. Bd2 $2 {[%mdl 8192]} (37. dxc5 $11 Nxc3 38. Rxc3) 37... Rc4 $2 (37... Rxc1+ $19 38. Bxc1 Qb6) 38. Rxc4 $11 Ne7 39. Rc5 Rd5 40. Be3 Rxc5 41. Qc2 $2 {[%mdl 8192] [#]} (41. dxc5 $11 Qb5 42. Qd4) 41... Qb5 $2 (41... Rxc2 {mates} 42. Bf4 Qb5 43. h4 Qe2 44. Bg3 Nf5 45. Kh2 Nxg3 46. Kh3 Qxf2 {[%mdl 64] Double Attack} 47. h5 Nf5 48. Kh2 Qxg2#) 42. dxc5 Nd5 43. Bd4 f6 {Played: Qb5-c4} 0-1

[Event "Moscow Youth U19 2019"]
[Site "Moscow"]
[Date "2019.11.26"]
[Round "9.4"]
[White "Usov, Aleksandr E."]
[Black "Fedorov, Nikita"]
[Result "0-1"]
[WhiteElo "1930"]
[BlackElo "2133"]
[Annotator "TA"]
[PlyCount "62"]
[EventDate "2019.11.18"]
[EventType "swiss"]
[EventCountry "RUS"]
[SourceTitle "playchess.com"]
[Source "ChessBase"]
[SourceQuality "1"]

{[%evp 17,105,-23,-24,-23,0,-4,-18,-18,-18,-18,-21,-21,-16,-113,-98,-91,-102,-101,-77,-75,-84,-118,-110,-160,-103,-100,-88,-110,-70,-74,-75,-189,-109,-208,-32,-31,-39,-104,-108,-129,-137,-136,-135,-153,-139,-326,-334,-535,-534,-532,-524,-519,-512,-671,-587,-879,-694,-1804,-5137,-4858,-2264,-4966,-2274,-4942,-4947,-29972,-29974,-29980,-29981,-29983,-29984,-29984,-29985,-29986,-29987,-29991,-29992,-29992,-29993,-29995,-29996,-29996,-29997,-29997,-29998,-29998,-29998,-29998,-29999,-29999]} 1. e4 c5 2. c3 d6 3. d4 Nf6 4. dxc5 Nc6 5. Bc4 Nxe4 6. Bxf7+ Kxf7 7. Qd5+ e6 8. Qxe4 d5 9. Qf3+ Qf6 10. Be3 {B22: Sicilian: 2 c3} b6 11. cxb6 axb6 12. Bd4 {The position is equal.} ({Much weaker is} 12. Bxb6 Rb8 $17) 12... Nxd4 13. cxd4 {[#]} Ba6 $146 ({Predecessor:} 13... Ra4 14. Qxf6+ gxf6 15. Ne2 Bb4+ 16. Nbc3 Bxc3+ 17. bxc3 Ba6 {½-½ (31) Azmaiparashvili,Z (2620)-Topalov,V (2670) Elenite 1995}) 14. Nc3 Bd6 15. Nge2 (15. a3 $11 {remains equal.}) 15... Qxf3 $17 16. gxf3 Rhf8 17. O-O Kg8 {[%mdl 1024] Black has strong compensation.} 18. Kg2 Rf6 19. Rfe1 Raf8 20. Ng1 Rh6 (20... Rg6+ $142 $1 21. Kh1 Rgf6) 21. h3 Rg6+ 22. Kh1 Rf4 23. Rad1 Rh4 $40 {[%mdl 128] Black is out for blood.} 24. a4 (24. Nce2 $17 {is a better defense.}) 24... Bc8 (24... Bc4 $19 25. Nb5 Bf4) 25. Re3 {[#]} (25. Rd3 $17) 25... Rg5 $2 ({Black should play} 25... e5 $1 $19 26. f4 Rxf4 27. dxe5 d4 {[%mdl 64] Double Attack}) 26. Nce2 $1 $15 Bd7 {[#]} 27. Ng3 (27. f4 $1 $15 {[%mdl 512]} Bxf4 28. Nxf4 Rxf4 29. Nf3) 27... Bxa4 $17 28. Ra1 Rxd4 29. b3 {Threatens to win with N3e2.} Bb5 30. Rxe6 Bc5 31. Ra7 $2 (31. N1e2 $17 Rb4 32. Ra7) 31... h5 {Played: Rd4-d1} 0-1

[Event "Moscow Youth U19 2019"]
[Site "Moscow"]
[Date "2019.11.26"]
[Round "9.5"]
[White "Miroshnik, Ekaterina"]
[Black "Beliuga, Mikhail"]
[Result "1-0"]
[WhiteElo "2127"]
[BlackElo "1816"]
[Annotator "TA"]
[PlyCount "69"]
[EventDate "2019.11.18"]
[EventType "swiss"]
[EventCountry "RUS"]
[SourceTitle "playchess.com"]
[Source "ChessBase"]
[SourceQuality "1"]

{[%evp 21,69,-36,-32,-24,-27,-31,-29,-47,-56,-45,-52,-56,-46,-44,0,-25,-30,-15,0,0,0,0,0,0,5,0,0,0,56,12,79,75,68,37,37,45,68,32,197,198,205,198,1328,1371,1353,1348,1880,1887,29997,29998]} 1. d4 Nf6 2. c4 c5 3. e3 cxd4 4. exd4 d5 5. Nf3 Nc6 6. Nc3 Bg4 7. Be2 dxc4 8. Be3 e6 9. Bxc4 Be7 10. O-O O-O 11. Be2 Nd5 12. Rc1 {B13: Caro-Kann: Exchange Variation and Panov-Botvinnik Attack} (12. Qd2 Rc8 13. h3 Bh5 14. Rac1 Bb4 15. Qd3 a6 16. Nxd5 Qxd5 17. Ng5 Bg6 18. Qd1 Be7 19. Bc4 Qd7 20. a3 Bxg5 21. Bxg5 b5 {0-1 (50) Kriebel,T (2333)-Velicka,P (2471) Frydek Mistek 2012}) 12... Rc8 13. h3 Bh5 14. Ne4 {Black has an edge.} Qb6 $146 ({Predecessor:} 14... Bg6 15. Nc5 b6 16. Nd3 f6 17. a3 Bd6 18. b4 Nce7 19. Qd2 Qd7 20. Nb2 Nf5 {½-½ (54) Jursa,B-Gruca,M Slovakia 2000}) 15. Qd2 Rfd8 16. Nc3 Nxe3 17. fxe3 Qc7 18. Qe1 a6 19. Qf2 {Threatening Ne5.} Bd6 20. Ne4 Bg6 21. Nxd6 Qxd6 22. Nh4 Qe7 23. Nxg6 hxg6 24. a3 e5 ({Black should play} 24... Rc7 $11) 25. Bc4 {[%cal Rc4f7]} (25. d5 $5 {[%cal Rd5c6]} Na7 26. e4 Rxc1 27. Rxc1 $11) 25... Rf8 {[#]} (25... Rd7 $11 {keeps the balance.}) 26. d5 $1 $36 {[%cal Rd5c6][%mdl 2048] Keeping Black busy.} Nd8 27. Bb3 Rxc1 28. Rxc1 Qd6 29. Qc2 {Qc5 is the strong threat.} f6 $2 (29... f5 $14) 30. Qxg6 $18 {Hoping for Bc2.} Nf7 31. Rc3 Qd7 $2 {[#]} (31... Nh8 32. Qc2 Nf7) 32. d6 $1 {[%mdl 512]} Qxd6 33. e4 {Intending Rg3 and mate.} Qd4+ 34. Kh2 {White threatens Rg3! and mate.} f5 35. Rg3 {Accuracy: White = 66%, Black = 38%.} 1-0

[Event "Moscow Youth U19 2019"]
[Site "Moscow"]
[Date "2019.11.26"]
[Round "9.6"]
[White "Orlov, Aleksandr"]
[Black "Shlykov, Yaroslav"]
[Result "1-0"]
[WhiteElo "1965"]
[BlackElo "1623"]
[Annotator "NA RC"]
[PlyCount "119"]
[EventDate "2019.11.18"]
[EventType "swiss"]
[EventCountry "RUS"]
[SourceTitle "playchess.com"]
[Source "ChessBase"]
[SourceQuality "1"]
[TimeControl "5400+30"]

1. d4 {[%emt 0:00:00]} Nf6 {[%emt 0:00:00]} 2. c4 {[%emt 0:00:00]} g6 {[%emt 0:00:00]} 3. Nc3 {[%emt 0:00:00]} Bg7 {[%emt 0:00:00]} 4. e4 {[%emt 0:00:02]} d6 {[%emt 0:00:00]} 5. Nf3 {[%emt 0:00:27]} O-O {[%emt 0:00:00]} 6. h3 {[%emt 0:00:06]} e5 {[%emt 0:00:00]} 7. Be3 {[%emt 0:00:07]} exd4 {[%emt 0:00:12]} 8. Nxd4 {[%emt 0:00:07]} Nc6 {[%emt 0:00:04] E90: King's Indian: Classical: Early deviations and 6 h3} 9. Nxc6 {[%emt 0:01:17]} (9. Bd3 Re8 10. O-O Ne5 11. Re1 Nxd3 12. Qxd3 Bd7 {½-½ (31) Schlosser,P (2539)-Tregubov,P (2593) Drancy 2016}) 9... bxc6 {[%emt 0:00:05]} 10. Bd3 {[%emt 0:00:10]} d5 $146 {[%emt 0:00:57]} ({Predecessor:} 10... Nd7 11. O-O Ne5 12. Qd2 Bxh3 {0-1 (25) Vardanian,H (2117)-Nuri,M (2201) Poti 2013}) 11. exd5 {[%emt 0:09:30]} cxd5 {[%emt 0:00:05]} 12. Be2 {[%emt 0:00:48]} Be6 {[%emt 0:03:57]} 13. Bf3 {[%emt 0:04:13]} c6 {[%emt 0:00:49]} 14. Bc5 {[%emt 0:11:51]} Re8 {[%emt 0:01:29]} (14... d4 $5 {[%cal Rd4c3]} 15. Bxf8 (15. Bxd4 Bxc4 16. Rc1 Rc8 $17) (15. Qxd4 Nd7 $17) 15... Bxf8 $17) 15. O-O {[%emt 0:00:08]} Nd7 {[%emt 0:05:21]} 16. cxd5 {[%emt 0:04:46]} Nxc5 {[%emt 0:00:35]} 17. dxe6 {[%emt 0:00:06]} Rxe6 {[%emt 0:00:04]} 18. Qc2 {[%emt 0:03:42]} Qd3 {[%emt 0:02:41]} 19. Rac1 {[%emt 0:02:06]} Qxc2 {[%emt 0:02:09]} 20. Rxc2 {[%emt 0:00:14]} Nd3 {[%emt 0:00:14]} 21. Rd1 {[%emt 0:14:22]} Ne5 {[%emt 0:04:55]} 22. Be2 {[%emt 0:00:40]} Bh6 {[%emt 0:21:40]} 23. g3 {[%emt 0:02:40]} g5 {[%emt 0:01:20]} 24. Ne4 {[%emt 0:10:27]} Rb8 {[%emt 0:02:47]} 25. b3 {[%emt 0:02:49]} f5 {[%emt 0:11:59]} 26. Nc5 {[%emt 0:06:08]} Re7 {[%emt 0:01:22]} 27. Rd6 {[%emt 0:05:52]} Bf8 {[%emt 0:01:45]} 28. Re6 {[%emt 0:01:00]} (28. Kg2 $16) 28... Rbe8 {[%emt 0:01:10]} (28... Rd8 $11) 29. Rxe7 {[%emt 0:02:45]} Rxe7 {[%emt 0:00:27]} 30. Nd3 {[%emt 0:01:19]} Ng6 {[%emt 0:01:35]} 31. Kf1 {[%emt 0:01:26]} Re6 {[%emt 0:02:10]} 32. Nc5 {[%emt 0:01:04]} Rd6 {[%emt 0:00:38]} 33. Bc4+ {[%emt 0:00:20]} Kg7 {[%emt 0:00:20]} 34. Ne6+ {[%emt 0:01:04]} Kf6 {[%emt 0:00:20]} 35. Nxf8 {[%emt 0:01:58]} Nxf8 {[%emt 0:00:05]} 36. Re2 {[%emt 0:00:26]} Ne6 {[%emt 0:00:28]} 37. Bxe6 {[%emt 0:00:13]} Rxe6 {[%emt 0:00:04]} 38. Rd2 {[%emt 0:00:18]} h5 {[%emt 0:01:33]} 39. Rd4 {[%emt 0:01:22]} g4 {[%emt 0:01:41]} 40. h4 {[%emt 0:00:57]} c5 {[%emt 0:10:44]} 41. Rc4 {[%emt 0:01:52]} Ra6 $1 {[%emt 0:00:45]} 42. a4 {[%emt 0:01:27]} Ra5 $2 {[%emt 0:01:07] [#]} (42... Rb6 $11 {and Black is okay.}) 43. Ke2 $1 {[%emt 0:00:11]} Ke5 $18 {[%emt 0:00:12]} 44. Kd3 $2 {[%emt 0:00:17]} ({Only move:} 44. Ke3 $18) 44... Kd5 {[%emt 0:00:16]} 45. Rf4 {[%emt 0:01:46]} Ke6 {[%emt 0:01:01]} 46. Kc4 {[%emt 0:00:37]} Ke5 {[%emt 0:00:05]} 47. f3 {[%emt 0:00:39]} Ra6 {[%emt 0:02:41]} 48. fxg4 {[%emt 0:00:13]} hxg4 {[%emt 0:00:07]} 49. Kxc5 {[%emt 0:00:08]} Rh6 {[%emt 0:00:16]} 50. Rf1 {[%emt 0:00:24]} Ke4 {[%emt 0:01:12]} 51. Rf4+ $2 {[%emt 0:00:17]} Ke5 {[%emt 0:00:05]} 52. Rf1 {[%emt 0:00:03]} Ke4 {[%emt 0:00:04]} 53. b4 $18 {[%emt 0:04:20]} Rh5 {[%emt 0:03:12]} 54. Kc6 {[%emt 0:00:09]} Rh6+ {[%emt 0:00:10]} 55. Kb7 {[%emt 0:00:16]} Rh7+ {[%emt 0:01:10]} 56. Ka6 {[%emt 0:00:13]} Ke5 {[%emt 0:01:45]} 57. b5 {[%emt 0:00:10]} Rxh4 {[%emt 0:18:37]} 58. gxh4 {[%emt 0:00:07]} g3 {[%emt 0:00:00]} 59. h5 {[%emt 0:00:08]} Kf6 {[%emt 0:00:00]} 60. Rf3 {[%emt 0:00:59]} 1-0

[Event "Moscow Youth U19 2019"]
[Site "Moscow"]
[Date "2019.11.26"]
[Round "9.7"]
[White "Nikolaev, Daniil"]
[Black "Zavialov, Nikita A."]
[Result "0-1"]
[WhiteElo "1867"]
[BlackElo "2066"]
[Annotator "NA RC"]
[PlyCount "92"]
[EventDate "2019.11.18"]
[EventType "swiss"]
[EventCountry "RUS"]
[SourceTitle "playchess.com"]
[Source "ChessBase"]
[SourceQuality "1"]
[TimeControl "5400+30"]

1. e4 {[%emt 0:00:00]} c5 {[%emt 0:00:00]} 2. Nf3 {[%emt 0:00:00]} Nc6 {[%emt 0:00:00]} 3. d4 {[%emt 0:00:00]} cxd4 {[%emt 0:00:00]} 4. Nxd4 {[%emt 0:00:00]} e5 {[%emt 0:00:00]} 5. Nb5 {[%emt 0:00:00]} d6 {[%emt 0:00:00]} 6. a4 {[%emt 0:00:01]} Be7 {[%emt 0:02:02]} 7. N1c3 {[%emt 0:00:20]} a6 {[%emt 0:12:18]} 8. Na3 {[%emt 0:00:10]} Be6 {[%emt 0:02:38]} 9. Bc4 {[%emt 0:01:26]} Nf6 {[%emt 0:00:43]} 10. O-O {[%emt 0:01:54]} O-O {[%emt 0:16:45]} 11. Re1 {[%emt 0:22:23]} Rb8 {[%emt 0:09:39] B33: Sicilian: Pelikan and Sveshnikov Variations} (11... Rc8 12. Nd5 Nb4 13. Nxf6+ Bxf6 14. Bxe6 fxe6 15. c3 Nc6 16. Qb3 Qe7 17. Be3 Qf7 18. Rad1 Rcd8 19. f3 {½-½ (61) Hoyos Millan,L (2556)-De Oliveira,M (2543) ICCF email 2008}) 12. Nd5 $146 {[%emt 0:02:51]} ({Predecessor:} 12. Bg5 Ne8 13. Bxe7 Nxe7 14. Nd5 Ng6 15. c3 Qg5 16. Qc1 Qh4 17. g3 Qd8 18. Qd2 Kh8 19. Rad1 Bxd5 20. Bxd5 {½-½ (79) Babula,M (2204)-Rubes,J (2345) Ostrava 2019}) 12... Bxd5 {[%emt 0:02:02]} 13. exd5 {[%emt 0:00:56]} Nd4 {[%emt 0:06:06]} 14. c3 {[%emt 0:03:20]} Nf5 {[%emt 0:01:53]} 15. Bd3 {[%emt 0:09:56]} Nh4 {[%emt 0:00:59]} 16. g3 {[%emt 0:00:41]} Ng6 {[%emt 0:00:24]} 17. c4 {[%emt 0:02:43]} Nd7 {[%emt 0:02:54]} 18. Bf5 {[%emt 0:00:51]} Nh8 {[%emt 0:10:23]} 19. b4 {[%emt 0:38:00]} g6 {[%emt 0:01:37]} 20. Bxd7 {[%emt 0:00:53]} Qxd7 {[%emt 0:00:08]} 21. Kg2 {[%emt 0:02:15]} f5 {[%emt 0:01:09]} 22. f3 {[%emt 0:02:12]} Bf6 {[%emt 0:13:36]} 23. Ra2 {[%emt 0:02:45]} Nf7 {[%emt 0:02:32]} 24. c5 {[%emt 0:03:39]} (24. Qb3 $11 {remains equal.}) 24... Rbc8 {[%emt 0:00:54] [#]} (24... dxc5 $15 25. bxc5 Rfd8) 25. Be3 $2 {[%emt 0:00:54]} (25. Nc4 $1 $16) 25... f4 {[%emt 0:08:11]} 26. Bf2 {[%emt 0:00:13]} Ng5 {[%emt 0:01:09]} 27. g4 {[%emt 0:00:17]} e4 {[%emt 0:00:43]} 28. Rxe4 {[%emt 0:00:21]} Nxe4 {[%emt 0:00:13]} 29. fxe4 {[%emt 0:00:03]} f3+ {[%emt 0:01:45]} 30. Qxf3 {[%emt 0:00:45]} Bh4 {[%emt 0:00:42]} 31. Qd1 {[%emt 0:00:42]} Bxf2 {[%emt 0:00:20]} 32. Rxf2 {[%emt 0:00:04]} Rxf2+ {[%emt 0:00:11]} 33. Kxf2 {[%emt 0:00:04]} dxc5 {[%emt 0:00:03]} 34. bxc5 {[%emt 0:01:16]} Rxc5 {[%emt 0:00:44]} 35. Qd4 {[%emt 0:00:39]} Qd6 $2 {[%emt 0:01:04]} (35... Rc1 $19 {is more deadly.} 36. e5 Qf7+ 37. Kg3 Qc7) 36. Kg2 {[%emt 0:00:32]} Rc1 {[%emt 0:01:39]} 37. Qe3 {[%emt 0:01:45]} Qc5 {[%emt 0:00:48]} 38. Qxc5 {[%emt 0:02:53]} Rxc5 $19 {[%emt 0:00:05]} 39. Nb1 {[%emt 0:01:06]} Rc1 {[%emt 0:00:29]} 40. Na3 {[%emt 0:00:15]} Rc3 {[%emt 0:00:06]} 41. Nb1 {[%emt 0:00:06]} Rb3 {[%emt 0:00:04]} 42. Nd2 {[%emt 0:00:29]} Rb2 {[%emt 0:00:04]} 43. Kf3 {[%emt 0:00:04]} Rxd2 {[%emt 0:00:06]} 44. Kf4 {[%emt 0:00:02]} b5 {[%emt 0:00:11]} 45. axb5 {[%emt 0:00:07]} axb5 {[%emt 0:00:03]} 46. Ke5 {[%emt 0:00:04]} b4 {[%emt 0:00:05]} 0-1

[Event "Moscow Youth U19 2019"]
[Site "Moscow"]
[Date "2019.11.26"]
[Round "9.8"]
[White "Talyzin, Valeriy"]
[Black "Budnichenko, Vladimir"]
[Result "0-1"]
[WhiteElo "1829"]
[BlackElo "1489"]
[Annotator "NA RC"]
[PlyCount "78"]
[EventDate "2019.11.18"]
[EventType "swiss"]
[EventCountry "RUS"]
[SourceTitle "playchess.com"]
[Source "ChessBase"]
[SourceQuality "1"]
[TimeControl "5400+30"]

{[%evp 34,78,-104,-121,-109,-168,32767,32767,32767,32767,32767,32767,-26,-66,32767,25,143,-142,0,0,32767,-461,-547,-689,-680,-802,-905,-819,32767,32767,32767,-1313,32767,32767,-1508,-1238,-1793,-1281,-2388,-2816,-29969,-29988,-1972,-29995,-29996,-29998,-1763]} 1. Nf3 {[%emt 0:00:00]} Nf6 {[%emt 0:00:00]} 2. g3 {[%emt 0:00:00]} g6 {[%emt 0:00:00]} 3. Bg2 {[%emt 0:00:00]} Bg7 {[%emt 0:00:00]} 4. O-O {[%emt 0:00:00]} O-O {[%emt 0:00:00]} 5. d3 {[%emt 0:00:00]} c5 {[%emt 0:00:00]} 6. e4 {[%emt 0:00:00]} d6 {[%emt 0:00:00]} 7. Nh4 {[%emt 0:00:04]} Nc6 {[%emt 0:00:00] A05: Réti Opening: 1 Nf3 Nf6} 8. f4 {[%emt 0:00:08]} Bg4 {[%emt 0:00:06]} (8... Nd7 9. f5 b5 10. Nc3 c4 11. Kh1 cxd3 12. cxd3 Bb7 13. Bg5 Nd4 14. a3 a5 15. Ne2 Nxe2 16. Qxe2 {1-0 (60) Petrosian,T (2601)-Onischuk,V (2637) Riadh 2017}) 9. Qd2 {[%emt 0:00:08]} h6 $146 {[%emt 0:00:21]} ({Predecessor:} 9... Bd7 10. Nc3 Rb8 11. h3 b5 12. Qf2 Nd4 13. Nd1 b4 14. Ne3 e6 15. a3 a5 16. axb4 axb4 17. g4 Ne8 18. f5 Bc6 {1-0 (46) McKay,R (2370)-Grant,A (2156) Helensburgh 2013}) 10. h3 {[%emt 0:00:05]} Bd7 {[%emt 0:00:11]} 11. f5 {[%emt 0:00:15]} g5 {[%emt 0:00:35]} 12. Nf3 {[%emt 0:00:05]} Qc7 {[%emt 0:05:30]} 13. g4 {[%emt 0:03:22]} e6 {[%emt 0:06:52]} 14. Re1 {[%emt 0:04:15]} exf5 {[%emt 0:03:42]} 15. gxf5 {[%emt 0:00:23]} Rfe8 {[%emt 0:02:07]} 16. Qf2 {[%emt 0:02:41]} d5 {[%emt 0:08:34]} 17. Nc3 {[%emt 0:00:56]} dxe4 {[%emt 0:03:59]} 18. dxe4 {[%emt 1:26:38] [#]} Nd4 $1 {[%emt 0:08:20]} 19. Be3 {[%emt 0:00:00]} (19. Nh2 $17 {might work better.}) 19... Nxf3+ {[%emt 0:04:38]} 20. Bxf3 {[%emt 0:00:00]} Rac8 {[%emt 0:01:11]} 21. Qg2 {[%emt 0:00:00]} Bc6 {[%emt 0:06:26]} 22. Bf2 {[%emt 0:00:00]} b6 {[%emt 0:02:34]} 23. h4 {[%emt 0:00:00]} (23. Bg3 $11 Qb7 24. Nd5) 23... gxh4 {[%emt 0:06:07]} 24. Bxh4 {[%emt 0:00:00]} Kh7 {[%emt 0:01:09] [#]} (24... Kh8 $14) 25. Re2 $2 {[%emt 0:00:00] [#]} (25. Bg3 $1 $16 {[%cal Rg3c7]} Qb7 26. Kh1) 25... Rg8 {[%emt 0:03:56]} (25... Nd7 $1 $17 26. Bg3 Be5 27. Bxe5 Nxe5) 26. Bg3 $1 {[%emt 0:00:00]} Qb7 {[%emt 0:01:14]} 27. Rae1 $2 {[%emt 0:00:00] [#]} (27. Qh3 $16) 27... Nd7 $1 {[%emt 0:02:43]} 28. Nd5 {[%emt 0:00:00]} Be5 {[%emt 0:01:15]} 29. Kf1 {[%emt 0:00:00]} Rxg3 {[%emt 0:01:58]} 30. Qh1 {[%emt 0:00:00]} Rcg8 {[%emt 0:04:16]} 31. c3 {[%emt 0:00:00]} Bb5 {[%emt 0:01:28]} 32. Qh5 {[%emt 0:00:00]} Bxe2+ {[%emt 0:00:19]} 33. Rxe2 {[%emt 0:00:00]} Nf6 {[%emt 0:03:00]} 34. Nxf6+ {[%emt 0:00:00]} Bxf6 {[%emt 0:00:04]} 35. Rh2 {[%emt 0:00:00]} Bg5 {[%emt 0:00:52]} 36. Kf2 {[%emt 0:00:00]} Qc7 {[%emt 0:01:51]} 37. f6 {[%emt 0:00:00] [#]} Rg6 $19 {[%emt 0:00:26]} (37... Qf4 $142 $1 38. Rg2 Bh4 39. Qf5+ Qxf5 40. exf5 Rxg2+ 41. Ke3 Re8+ 42. Kd3 Rg3 43. a4 Rxf3+ 44. Kc4 Bxf6 45. Kb5 h5 46. Kc6 h4 47. Kb5 h3 48. Ka6 h2 49. Kb5 h1=Q 50. a5 Qf1+ 51. c4 Rb3+ {[%mdl 64] Double Attack} 52. Kc6 Qxf5 53. axb6 Rxb6+ 54. Kc7 Be5#) 38. Bg4 {[%emt 0:00:00] [#]} Qf4+ $1 {[%emt 0:00:25] Double Attack} 39. Ke1 {[%emt 0:00:00]} Qxg4 {[%emt 0:00:22]} (39... Rg1+ $142 40. Ke2 Qf1#) 0-1

[Event "Moscow Youth U19 2019"]
[Site "Moscow"]
[Date "2019.11.26"]
[Round "9.9"]
[White "Agashin, Alexandr"]
[Black "Sekoyan, Vachagan"]
[Result "0-1"]
[WhiteElo "1546"]
[BlackElo "2084"]
[Annotator "NA RC"]
[PlyCount "96"]
[EventDate "2019.11.18"]
[EventType "swiss"]
[EventCountry "RUS"]
[SourceTitle "playchess.com"]
[Source "ChessBase"]
[SourceQuality "1"]
[TimeControl "5400+30"]

1. d4 {[%emt 0:00:00]} g6 {[%emt 0:00:00]} 2. c4 {[%emt 0:00:00]} Bg7 {[%emt 0:00:00]} 3. Nc3 {[%emt 0:00:00]} c5 {[%emt 0:00:18]} 4. d5 {[%emt 0:00:35]} d6 {[%emt 0:00:29]} 5. e4 {[%emt 0:00:45]} Nf6 {[%emt 0:00:46]} 6. f4 {[%emt 0:02:43]} O-O {[%emt 0:02:17]} 7. Nf3 {[%emt 0:00:34]} e6 {[%emt 0:05:30]} 8. Bd3 {[%emt 0:06:59]} exd5 {[%emt 0:02:38]} 9. cxd5 {[%emt 0:00:37]} Re8 {[%emt 0:01:40]} 10. O-O {[%emt 0:01:13]} c4 {[%emt 0:05:50]} 11. Bc2 {[%emt 0:10:27]} b5 {[%emt 0:06:23]} 12. a3 {[%emt 0:09:13] A68: Modern Benoni: Four Pawns Attack without 9...Re8} Ng4 {[%emt 0:05:20]} (12... Qb6+ 13. Kh1 Nbd7 14. h3 Nc5 15. Re1 Nfd7 16. Be3 a5 17. Bd4 f6 18. Nd2 Ba6 19. Qf3 b4 20. axb4 Qxb4 {1-0 (42) Steinbacher,C (2080)-Kushka,A (2148) Braunfels 2019}) 13. Nxb5 {[%emt 0:22:42]} Ba6 $146 {[%emt 0:05:12]} ({Predecessor:} 13... Qb6+ 14. Nbd4 Nf6 15. Re1 Bg4 16. Kf1 Nbd7 17. h3 Bxf3 18. Nxf3 Nc5 19. e5 Nfd7 {½-½ (44) Iversen,C (1876)-Thogersen,R (2013) Odense 2013}) 14. Nbd4 {[%emt 0:05:43]} Qb6 {[%emt 0:03:32]} 15. Re1 {[%emt 0:01:53]} Nd7 {[%emt 0:05:31]} 16. h3 {[%emt 0:04:37]} Ngf6 {[%emt 0:02:23]} 17. Ba4 {[%emt 0:10:28]} Re7 {[%emt 0:14:54]} 18. Bc6 {[%emt 0:02:53]} Rd8 {[%emt 0:01:37]} 19. Bxd7 {[%emt 0:08:31]} Rdxd7 {[%emt 0:02:07]} 20. Kh2 {[%emt 0:01:31]} Rxe4 {[%emt 0:04:22]} 21. Rxe4 {[%emt 0:01:55]} Nxe4 {[%emt 0:00:02]} 22. Be3 {[%emt 0:02:35]} Qxb2 {[%emt 0:05:51]} 23. Rb1 {[%emt 0:01:03]} Qxa3 {[%emt 0:05:35]} 24. Rb8+ {[%emt 0:00:22]} Bf8 {[%emt 0:00:00]} 25. Bc1 {[%emt 0:00:47]} Qa5 {[%emt 0:05:26] [#]} ({Black should try} 25... Qc5 $1 $14) 26. f5 {[%emt 0:01:42]} ({White has to play} 26. Nc6 $1 $16 {[%cal Rc6a5]} Qa1 {[#]} 27. f5 $1 {[%mdl 512]}) 26... Rc7 $1 {[%emt 0:02:21]} 27. Nc6 {[%emt 0:00:25]} Qc5 {[%emt 0:02:45]} 28. Ng5 {[%emt 0:02:37]} Nf6 {[%emt 0:04:36]} 29. fxg6 {[%emt 0:00:38]} hxg6 {[%emt 0:00:50]} 30. Qf3 {[%emt 0:00:46]} Qxd5 {[%emt 0:02:44]} 31. Qxf6 {[%emt 0:00:22]} Rxc6 {[%emt 0:00:21]} 32. Bb2 {[%emt 0:00:10]} c3 {[%emt 0:00:10]} 33. Nh7 {[%emt 0:00:38]} Kxh7 {[%emt 0:01:48]} 34. Rxf8 {[%emt 0:00:37]} Qe5+ {[%emt 0:00:04]} 35. Qxe5 {[%emt 0:00:12]} dxe5 {[%emt 0:00:01]} 36. Bc1 {[%emt 0:00:59]} Kg7 {[%emt 0:01:30]} 37. Re8 {[%emt 0:00:14]} Kf6 {[%emt 0:00:55]} 38. Ra8 {[%emt 0:00:22]} Rc7 {[%emt 0:00:06]} 39. Kg3 {[%emt 0:00:12]} c2 {[%emt 0:00:33]} 40. Rd8 {[%emt 0:00:36]} Ke6 {[%emt 0:01:01]} 41. Kf2 {[%emt 0:00:23]} Bc4 {[%emt 0:01:52]} 42. g3 {[%emt 0:00:50]} Bd5 {[%emt 0:00:17]} 43. Re8+ {[%emt 0:00:25]} Kf6 {[%emt 0:00:42]} 44. h4 {[%emt 0:00:32]} a5 {[%emt 0:00:38]} 45. g4 {[%emt 0:00:11]} Rc4 {[%emt 0:00:34]} 46. Bg5+ {[%emt 0:00:10]} Kg7 {[%emt 0:00:17]} 47. Rxe5 {[%emt 0:01:06] [#]} f6 {[%emt 0:00:27] Double Attack} 48. Rxd5 {[%emt 0:00:12]} fxg5 {[%emt 0:00:04]} 0-1